000 00989nas a2200337 454500
001 IICA0700856
003 BR-BrBNA
005 20260323111544.0
007 ta
008 260323b bl.|||p| |||| 00| 00por d
040 _aBR-BrBNA
_bpor
_cBiblioteca Nacional de Agricultura
041 _a(Es)
072 _aH10
100 1 _aSaavedra, J.L.D.
100 1 _aZanuncio, J.C.
100 1 _aSediyama, C.S.
100 1 _aZanuncio, T.v.
245 1 _aFecundidad y fertilidad del predator Podisus nigrispinus (Dallas)(Heteróptera: Pentatomidae)en cuatro dietas artificiales
300 _av. 45(1-2) p. 70-75
650 _aPODISUS
650 _aHEMIPTERA
650 _aPREDADOR
650 _aINIMIGO NATURAL
650 _aCONTROLE BIOLOGICO
650 _aFERTILIDADE
650 _aDIETA
650 _aBRASIL
773 0 _tTURRIALBA (IICA)
_X0041-4360
_g(Jan-Jun 1995), v. 45(1-2) p. 70-75
_wIICA0700856
909 _a202603
_bLúcia
_c55
_dLúcia Elande
942 _2IICA
_n0
_cANA
999 _c340847
_d340847